[Event "European Rapid Championship 2021"]
[Site "Katowice"]
[Date "2021.12.19"]
[Round "8.5"]
[White "Martinkus, Rolandas"]
[Black "Molenda, Marcin"]
[Result "1-0"]
[WhiteElo "2033"]
[BlackElo "2365"]
[Annotator "NA"]
[PlyCount "161"]
[EventDate "2021.12.18"]
[EventType "swiss"]
[EventCountry "POL"]
[SourceTitle "playchess.com"]
[Source "ChessBase"]
[SourceQuality "1"]
[TimeControl "900+10"]

1. Nf3 {[%emt 0:00:02]} Nf6 {[%emt 0:00:02]} 2. c4 {[%emt 0:00:01]} g6 {
[%emt 0:00:02]} 3. Nc3 {[%emt 0:00:01]} Bg7 {[%emt 0:00:02]} 4. e4 {[%emt 0:00:
02]} d6 {[%emt 0:00:01]} 5. d4 {[%emt 0:00:01]} O-O {[%emt 0:00:02]} 6. h3 {
[%emt 0:00:01]} e5 {[%emt 0:00:08]} 7. dxe5 {[%emt 0:00:08]} dxe5 {[%emt 0:00:
12]} 8. Qxd8 {[%emt 0:00:02]} Rxd8 {[%emt 0:00:01]} 9. Bg5 {[%emt 0:00:02]} Re8
{[%emt 0:01:23]} 10. O-O-O {[%emt 0:00:03]} Na6 {[%emt 0:00:24]} 11. Be3 {
[%emt 0:00:13]} c6 {[%emt 0:00:07]} 12. c5 {[%emt 0:00:16]} Nc7 {[%emt 0:00:09]
} 13. Nd2 {[%emt 0:00:15]} Be6 {[%emt 0:01:07]} 14. Nc4 {[%emt 0:00:11]} Rab8 {
[%emt 0:01:19]} 15. Be2 {[%emt 0:00:17]} Red8 {[%emt 0:01:26]} 16. Rxd8+ {
[%emt 0:03:51]} Rxd8 {[%emt 0:00:02]} 17. Rd1 {[%emt 0:00:03]} Rxd1+ {[%emt 0:
00:23]} 18. Kxd1 {[%emt 0:00:01]} Nd7 {[%emt 0:00:33]} 19. Nd6 {[%emt 0:01:22]}
b6 {[%emt 0:01:02]} 20. Nc8 {[%emt 0:00:10]} Nxc5 {[%emt 0:00:08]} 21. Nxa7 {
[%emt 0:00:02]} Bd7 {[%emt 0:00:14]} 22. b4 {[%emt 0:00:12]} N5e6 {[%emt 0:00:
50]} 23. Bxb6 {[%emt 0:00:08]} Bf8 {[%emt 0:00:01]} 24. a3 {[%emt 0:00:40]} f5
{[%emt 0:00:05]} 25. exf5 {[%emt 0:03:03]} gxf5 {[%emt 0:00:02]} 26. g4 {
[%emt 0:00:01]} f4 {[%emt 0:00:28]} 27. Bf3 {[%emt 0:01:40]} Na8 {[%emt 0:00:
02]} 28. Ba5 {[%emt 0:01:58]} Nd4 {[%emt 0:00:46]} 29. Be4 {[%emt 0:00:05]} Be8
{[%emt 0:03:34]} 30. Ne2 {[%emt 0:01:09]} Nb3 {[%emt 0:01:17]} 31. Bd8 {
[%emt 0:00:37]} Bd6 {[%emt 0:00:01]} 32. Nxc6 {[%emt 0:00:15]} Nc7 {[%emt 0:00:
05]} 33. Kc2 {[%emt 0:01:02]} Bf7 {[%emt 0:00:38]} 34. Bf6 {[%emt 0:00:48]} Nb5
{[%emt 0:00:15]} 35. Kb2 {[%emt 0:00:40]} Nd2 {[%emt 0:00:09]} 36. Bd3 {
[%emt 0:00:16]} Nc4+ {[%emt 0:00:01]} 37. Bxc4 {[%emt 0:00:23]} Bxc4 {[%emt 0:
00:01]} 38. Nc3 {[%emt 0:00:12]} Kf7 {[%emt 0:01:47]} 39. Bxe5 {[%emt 0:00:08]}
Bf8 {[%emt 0:00:20]} 40. Nxb5 {[%emt 0:00:11]} Bxb5 {[%emt 0:00:01]} 41. Nd4 {
[%emt 0:00:01]} Bf1 {[%emt 0:00:04]} 42. h4 {[%emt 0:00:11]} Be7 {[%emt 0:00:
17]} 43. g5 {[%emt 0:00:01]} Kg6 {[%emt 0:00:04]} 44. Bxf4 {[%emt 0:00:07]} Kh5
{[%emt 0:00:01]} 45. Bg3 {[%emt 0:00:12]} Kg4 {[%emt 0:00:06]} 46. Kc3 {
[%emt 0:00:12]} Bf8 {[%emt 0:00:09]} 47. Ne6 {[%emt 0:00:17]} Be7 {[%emt 0:00:
06]} 48. a4 {[%emt 0:00:03]} Kf5 {[%emt 0:00:05]} 49. Nc5 {[%emt 0:00:20]} Bf8
{[%emt 0:00:05]} 50. a5 {[%emt 0:00:07]} Bg7+ {[%emt 0:00:02]} 51. Kb3 {
[%emt 0:00:01]} Bb5 {[%emt 0:00:01]} 52. Nb7 {[%emt 0:00:24]} Ke6 {[%emt 0:00:
07]} 53. Nd6 {[%emt 0:00:05]} Be2 {[%emt 0:00:01]} 54. b5 {[%emt 0:00:11]} Bf8
{[%emt 0:00:10]} 55. Nc4 {[%emt 0:00:05]} Kd5 {[%emt 0:00:01]} 56. Ne3+ {
[%emt 0:00:09]} Kc5 {[%emt 0:00:01]} 57. b6 {[%emt 0:00:13]} Ba6 {[%emt 0:00:
01]} 58. f4 {[%emt 0:00:24]} Kb5 {[%emt 0:00:03]} 59. f5 {[%emt 0:00:42]} Kxa5
{[%emt 0:00:04]} 60. Nd5 {[%emt 0:00:03]} Bc8 {[%emt 0:00:11]} 61. Kc4 {
[%emt 0:00:35]} Ka6 {[%emt 0:00:17]} 62. f6 {[%emt 0:00:08]} Be6 {[%emt 0:00:
02]} 63. Kd4 {[%emt 0:00:06]} Ba3 {[%emt 0:00:03]} 64. h5 {[%emt 0:00:12]} Bb2+
{[%emt 0:00:02]} 65. Kc5 {[%emt 0:00:06]} Kb7 {[%emt 0:00:11]} 66. g6 {[%emt 0:
00:14]} hxg6 {[%emt 0:00:01]} 67. hxg6 {[%emt 0:00:01]} Bxd5 {[%emt 0:00:02]}
68. Kxd5 {[%emt 0:00:02]} Bxf6 {[%emt 0:00:02]} 69. Bc7 {[%emt 0:00:04]} Bg7 {
[%emt 0:00:11]} 70. Ke6 {[%emt 0:00:01]} Bd4 {[%emt 0:00:01]} 71. Kf7 {[%emt 0:
00:01]} Bc3 {[%emt 0:00:02]} 72. g7 {[%emt 0:00:01]} Bxg7 {[%emt 0:00:01]} 73.
Kxg7 {[%emt 0:00:01]} Ka8 {[%emt 0:00:00]} 74. Kf6 {[%emt 0:00:02]} Kb7 {
[%emt 0:00:01]} 75. Ke5 {[%emt 0:00:01]} Ka8 {[%emt 0:00:01]} 76. Kd5 {[%emt 0:
00:01]} Kb7 {[%emt 0:00:00]} 77. Kc5 {[%emt 0:00:02]} Ka8 {[%emt 0:00:00]} 78.
Bg3 {[%emt 0:00:04]} Kb7 {[%emt 0:00:01]} 79. Bf2 {[%emt 0:00:01]} Ka8 {
[%emt 0:00:01]} 80. Kc6 Kb8 81. Bg3+ {[%emt 0:00:05]} 1-0

[Event "European Rapid Championship 2021"]
[Site "Katowice"]
[Date "2021.12.19"]
[Round "8.6"]
[White "Balog, Imre"]
[Black "Blohberger, Felix"]
[Result "1-0"]
[WhiteElo "2629"]
[BlackElo "2409"]
[Annotator "ChessBase"]
[PlyCount "97"]
[EventDate "2021.12.18"]
[EventType "swiss"]
[EventCountry "POL"]
[SourceTitle "playchess.com"]
[Source "ChessBase"]
[SourceQuality "1"]
[TimeControl "900+10"]

1. d4 {[%emt 0:00:05]} Nf6 {[%emt 0:00:01]} 2. Bg5 {[%emt 0:00:06]} e6 {
[%emt 0:00:02]} 3. e4 {[%emt 0:00:10]} h6 {[%emt 0:00:01]} 4. Bxf6 {[%emt 0:00:
02]} Qxf6 {[%emt 0:00:02]} 5. Nc3 {[%emt 0:00:03]} Bb4 {[%emt 0:00:01]} 6. Qd2
{[%emt 0:00:01]} c5 {[%emt 0:01:10]} 7. e5 {[%emt 0:01:13]} Qd8 {[%emt 0:01:20]
} 8. a3 {[%emt 0:00:06]} Qa5 {[%emt 0:00:45]} 9. dxc5 {[%emt 0:03:19]} Bxc3 {
[%emt 0:00:50]} 10. Qxc3 {[%emt 0:00:45]} Qxc3+ {[%emt 0:00:01]} 11. bxc3 {
[%emt 0:00:01]} Nc6 {[%emt 0:02:34]} 12. Nf3 {[%emt 0:00:09]} b6 {[%emt 0:00:
05]} 13. Bd3 {[%emt 0:00:20]} bxc5 {[%emt 0:02:33]} 14. Rb1 {[%emt 0:00:14]}
Rb8 {[%emt 0:01:00]} 15. Kd2 {[%emt 0:00:03]} Kd8 {[%emt 0:00:06]} 16. Be4 {
[%emt 0:00:12]} Kc7 {[%emt 0:00:24]} 17. Bxc6 {[%emt 0:00:11]} Rxb1 {[%emt 0:
00:15]} 18. Rxb1 {[%emt 0:00:02]} Kxc6 {[%emt 0:00:01]} 19. Ke3 {[%emt 0:00:03]
} Bb7 {[%emt 0:00:34]} 20. Nd2 {[%emt 0:00:06]} Kc7 {[%emt 0:00:13]} 21. g3 {
[%emt 0:00:39]} f6 {[%emt 0:00:16]} 22. Nb3 {[%emt 0:01:45]} fxe5 {[%emt 0:01:
05]} 23. Nxc5 {[%emt 0:00:01]} Bc6 {[%emt 0:00:06]} 24. Nd3 {[%emt 0:01:53]} d6
{[%emt 0:00:57]} 25. c4 {[%emt 0:00:00]} Rf8 {[%emt 0:00:19]} 26. f4 {[%emt 0:
00:47]} exf4+ {[%emt 0:00:08]} 27. gxf4 {[%emt 0:00:01]} g5 {[%emt 0:00:46]}
28. Rg1 {[%emt 0:02:23]} Rf5 {[%emt 0:00:02]} 29. Rg3 {[%emt 0:01:10]} e5 {
[%emt 0:00:31]} 30. fxe5 {[%emt 0:01:03]} dxe5 {[%emt 0:00:01]} 31. Rh3 {
[%emt 0:00:01]} e4 {[%emt 0:02:42]} 32. Nb4 {[%emt 0:00:01]} Rf6 {[%emt 0:00:
24]} 33. Nd5+ {[%emt 0:01:12]} Bxd5 {[%emt 0:00:01]} 34. cxd5 {[%emt 0:00:00]}
Kd6 {[%emt 0:00:08]} 35. Kd4 {[%emt 0:00:02]} g4 {[%emt 0:00:42]} 36. Rh5 {
[%emt 0:00:50]} e3 {[%emt 0:00:23]} 37. Kxe3 {[%emt 0:00:01]} Kc5 {[%emt 0:00:
01]} 38. Ke4 {[%emt 0:00:01]} Rf1 {[%emt 0:00:48]} 39. Rxh6 {[%emt 0:01:19]}
Re1+ {[%emt 0:00:04]} 40. Kf4 {[%emt 0:00:00]} Kxd5 {[%emt 0:00:09]} 41. Kxg4 {
[%emt 0:00:01]} Re2 {[%emt 0:00:16]} 42. h4 {[%emt 0:00:01]} Re4+ {[%emt 0:00:
06]} 43. Kf5 {[%emt 0:00:21]} Ra4 {[%emt 0:00:02]} 44. h5 {[%emt 0:00:03]} Rxa3
{[%emt 0:00:02]} 45. Rh8 {[%emt 0:00:01]} Rf3+ {[%emt 0:00:12]} 46. Kg4 {
[%emt 0:00:03]} Rf2 {[%emt 0:00:27]} 47. h6 {[%emt 0:00:02]} Rg2+ {[%emt 0:00:
13]} 48. Kf3 {[%emt 0:00:05]} Rh2 {[%emt 0:00:09]} 49. h7 {[%emt 0:00:03]} 1-0

[Event "European Rapid Championship 2021"]
[Site "Katowice"]
[Date "2021.12.19"]
[Round "8.6"]
[White "Godzwon, Iwo"]
[Black "Budzisz, Adrian"]
[Result "1/2-1/2"]
[WhiteElo "2352"]
[BlackElo "1985"]
[Annotator "NA"]
[PlyCount "123"]
[EventDate "2021.12.18"]
[EventType "swiss"]
[EventCountry "POL"]
[SourceTitle "playchess.com"]
[Source "ChessBase"]
[SourceQuality "1"]
[TimeControl "900+10"]

1. e4 {[%emt 0:00:01]} e6 {[%emt 0:00:01]} 2. d4 {[%emt 0:00:17]} d5 {[%emt 0:
00:01]} 3. Nd2 {[%emt 0:00:01]} c5 {[%emt 0:00:01]} 4. Ngf3 {[%emt 0:00:02]}
Nf6 {[%emt 0:00:01]} 5. exd5 {[%emt 0:00:05]} exd5 {[%emt 0:00:02]} 6. Bb5+ {
[%emt 0:00:11]} Bd7 {[%emt 0:00:01]} 7. Qe2+ {[%emt 0:00:12]} Be7 {[%emt 0:00:
22]} 8. O-O {[%emt 0:01:03]} O-O {[%emt 0:00:03]} 9. dxc5 {[%emt 0:00:06]} Bxc5
{[%emt 0:00:02]} 10. Nb3 {[%emt 0:00:01]} Re8 {[%emt 0:00:08]} 11. Qd3 {
[%emt 0:00:01]} Bb6 {[%emt 0:00:01]} 12. Bg5 {[%emt 0:00:05]} Nc6 {[%emt 0:00:
19]} 13. c3 {[%emt 0:00:55]} a6 {[%emt 0:00:02]} 14. Bxc6 {[%emt 0:00:09]} bxc6
{[%emt 0:00:01]} 15. Rfe1 {[%emt 0:00:01]} h6 {[%emt 0:00:48]} 16. Be3 {
[%emt 0:00:01]} Ne4 {[%emt 0:00:09]} 17. Nfd2 {[%emt 0:03:09]} Bf5 {[%emt 0:01:
15]} 18. Nxe4 {[%emt 0:00:02]} Bxe4 {[%emt 0:00:16]} 19. Bxb6 {[%emt 0:00:06]}
Bxd3 {[%emt 0:02:30]} 20. Bxd8 {[%emt 0:00:02]} Rexd8 {[%emt 0:01:08]} 21. Nc5
{[%emt 0:01:43]} Bf5 {[%emt 0:00:27]} 22. Re5 {[%emt 0:01:02]} Bg6 {[%emt 0:00:
23]} 23. Rd1 {[%emt 0:00:05]} a5 {[%emt 0:00:09]} 24. h4 {[%emt 0:00:12]} Re8 {
[%emt 0:00:35]} 25. Rxe8+ {[%emt 0:02:19]} Rxe8 {[%emt 0:00:02]} 26. Rd2 {
[%emt 0:00:01]} Bb1 {[%emt 0:00:59]} 27. a3 {[%emt 0:00:08]} Kh7 {[%emt 0:00:
22]} 28. f3 {[%emt 0:01:14]} Rb8 {[%emt 0:00:12]} 29. Kf2 {[%emt 0:00:13]} Rb5
{[%emt 0:00:23]} 30. b4 {[%emt 0:00:01]} g5 {[%emt 0:01:33]} 31. hxg5 {[%emt 0:
00:04]} axb4 {[%emt 0:00:07]} 32. cxb4 {[%emt 0:00:08]} hxg5 {[%emt 0:00:02]}
33. Rb2 {[%emt 0:00:22]} Bf5 {[%emt 0:00:14]} 34. a4 {[%emt 0:00:01]} Rb8 {
[%emt 0:00:03]} 35. a5 {[%emt 0:00:26]} Bc8 {[%emt 0:00:24]} 36. Ke3 {[%emt 0:
00:48]} Kg6 {[%emt 0:00:32]} 37. Kd4 {[%emt 0:00:16]} Kf6 {[%emt 0:00:17]} 38.
Na4 {[%emt 0:00:13]} Ba6 {[%emt 0:00:14]} 39. Nc5 {[%emt 0:01:25]} Bc8 {
[%emt 0:00:02]} 40. Kc3 {[%emt 0:00:00]} Kf5 {[%emt 0:00:35]} 41. Re2 {[%emt 0:
00:09]} Kf4 {[%emt 0:00:07]} 42. Re8 {[%emt 0:01:57]} d4+ {[%emt 0:00:58]} 43.
Kd2 {[%emt 0:00:00]} Kg3 {[%emt 0:00:24]} 44. Nd7 {[%emt 0:00:11]} Rxb4 {
[%emt 0:00:18]} 45. Rxc8 {[%emt 0:00:01]} Ra4 {[%emt 0:00:00]} 46. Ra8 {
[%emt 0:00:13]} Kxg2 {[%emt 0:00:04]} 47. Ne5 {[%emt 0:01:38]} c5 {[%emt 0:00:
06]} 48. a6 {[%emt 0:01:14]} c4 {[%emt 0:00:31]} 49. a7 {[%emt 0:00:04]} Ra2+ {
[%emt 0:00:02]} 50. Kc1 {[%emt 0:00:00]} c3 {[%emt 0:00:53]} 51. Rd8 {[%emt 0:
00:51]} Rxa7 {[%emt 0:00:09]} 52. Rxd4 {[%emt 0:00:01]} f6 {[%emt 0:00:07]} 53.
Nd7 {[%emt 0:00:09]} f5 {[%emt 0:00:35]} 54. Ne5 {[%emt 0:00:07]} Ra5 {[%emt 0:
00:24]} 55. Nf7 {[%emt 0:00:08]} f4 {[%emt 0:00:08]} 56. Rd3 {[%emt 0:00:03]}
g4 {[%emt 0:00:22]} 57. fxg4 {[%emt 0:00:11]} f3 {[%emt 0:00:00]} 58. Rxf3 {
[%emt 0:00:25]} Kxf3 {[%emt 0:00:02]} 59. Kc2 {[%emt 0:00:00]} Ra3 {[%emt 0:00:
42]} 60. g5 {[%emt 0:00:11]} Ke3 {[%emt 0:00:15]} 61. Nd6 {[%emt 0:00:09]} Ra6
{[%emt 0:00:19]} 62. Nb5 {[%emt 0:00:03]} 1/2-1/2

[Event "European Rapid Championship 2021"]
[Site "Katowice"]
[Date "2021.12.19"]
[Round "8.7"]
[White "Gretarsson, Helgi Ass"]
[Black "Bernadskiy, Vitaliy"]
[Result "0-1"]
[WhiteElo "2476"]
[BlackElo "2616"]
[Annotator "ChessBase"]
[PlyCount "40"]
[EventDate "2021.12.18"]
[EventType "swiss"]
[EventCountry "POL"]
[SourceTitle "playchess.com"]
[Source "ChessBase"]
[SourceQuality "1"]
[TimeControl "900+10"]

1. d4 {[%emt 0:13:26]} g6 {[%emt 0:00:01]} 2. e4 {[%emt 0:00:01]} Bg7 {[%emt 0:
00:03]} 3. Nc3 {[%emt 0:00:01]} a6 4. Nf3 {[%emt 0:00:02]} d6 {[%emt 0:00:31]}
5. h3 {[%emt 0:00:01]} b5 {[%emt 0:00:08]} 6. Bd3 {[%emt 0:00:08]} Nd7 {
[%emt 0:00:32]} 7. a4 {[%emt 0:00:03]} b4 {[%emt 0:00:21]} 8. Ne2 {[%emt 0:00:
00]} Ngf6 {[%emt 0:01:17]} 9. O-O {[%emt 0:00:02]} O-O {[%emt 0:00:02]} 10. a5
{[%emt 0:00:19]} c5 {[%emt 0:00:52]} 11. c3 {[%emt 0:00:01]} cxd4 {[%emt 0:00:
14]} 12. cxd4 {[%emt 0:00:01]} e5 {[%emt 0:00:01]} 13. Ng3 {[%emt 0:00:07]}
exd4 {[%emt 0:00:16]} 14. Nxd4 {[%emt 0:00:01]} Bb7 {[%emt 0:00:03]} 15. Bc2 {
[%emt 0:00:08]} Rc8 {[%emt 0:00:02]} 16. Re1 {[%emt 0:00:15]} Re8 {[%emt 0:00:
13]} 17. Bf4 {[%emt 0:00:11]} h5 {[%emt 0:00:19]} 18. Nf3 {[%emt 0:00:28]} Nc5
{[%emt 0:00:41]} 19. Bg5 {[%emt 0:00:20]} Qc7 {[%emt 0:00:05]} 20. Bf4 {
[%emt 0:01:32]} Ne6 {[%emt 0:00:08]} 0-1

[Event "European Rapid Championship 2021"]
[Site "Katowice"]
[Date "2021.12.19"]
[Round "8.7"]
[White "Luberanski, Jakub"]
[Black "Kulon, Klaudia"]
[Result "0-1"]
[WhiteElo "2199"]
[BlackElo "2328"]
[Annotator "ChessBase"]
[PlyCount "172"]
[EventDate "2021.12.18"]
[EventType "swiss"]
[EventCountry "POL"]
[SourceTitle "playchess.com"]
[Source "ChessBase"]
[SourceQuality "1"]
[TimeControl "900+10"]

1. d4 {[%emt 0:00:02]} Nf6 {[%emt 0:00:05]} 2. c4 {[%emt 0:00:02]} g6 {[%emt 0:
00:01]} 3. Nc3 {[%emt 0:00:01]} Bg7 {[%emt 0:00:01]} 4. e4 {[%emt 0:00:01]} O-O
{[%emt 0:00:02]} 5. Nf3 {[%emt 0:00:01]} d6 {[%emt 0:00:01]} 6. Be2 {[%emt 0:
00:01]} e5 {[%emt 0:00:01]} 7. O-O {[%emt 0:00:02]} exd4 {[%emt 0:00:01]} 8.
Nxd4 {[%emt 0:00:02]} Re8 {[%emt 0:00:01]} 9. f3 {[%emt 0:00:01]} c6 {[%emt 0:
00:01]} 10. Kh1 {[%emt 0:00:09]} Nbd7 {[%emt 0:00:01]} 11. Be3 {[%emt 0:02:26]}
d5 {[%emt 0:00:13]} 12. cxd5 {[%emt 0:00:07]} Nxd5 {[%emt 0:00:50]} 13. exd5 {
[%emt 0:01:56]} Rxe3 {[%emt 0:00:02]} 14. dxc6 {[%emt 0:00:02]} bxc6 {[%emt 0:
00:06]} 15. Nxc6 {[%emt 0:00:33]} Qe8 {[%emt 0:04:36]} 16. Nd5 {[%emt 0:01:27]}
Rxe2 {[%emt 0:00:02]} 17. Nc7 {[%emt 0:00:01]} Qe3 {[%emt 0:00:01]} 18. Nxa8 {
[%emt 0:00:02]} Rd2 {[%emt 0:02:13]} 19. Qe1 {[%emt 0:04:53]} Re2 {[%emt 0:00:
02]} 20. Qa5 {[%emt 0:00:34]} Bb7 {[%emt 0:01:24]} 21. Qd8+ {[%emt 0:00:28]}
Nf8 {[%emt 0:00:06]} 22. Na5 {[%emt 0:00:11]} Bxa8 {[%emt 0:00:23]} 23. Qxa8 {
[%emt 0:00:02]} Qg5 {[%emt 0:00:02]} 24. f4 {[%emt 0:00:52]} Qxa5 {[%emt 0:00:
02]} 25. f5 {[%emt 0:00:09]} gxf5 {[%emt 0:01:37]} 26. Rad1 {[%emt 0:00:33]}
Rxb2 {[%emt 0:01:06]} 27. h3 {[%emt 0:00:56]} Rxa2 {[%emt 0:00:57]} 28. Rd5 {
[%emt 0:00:13]} Qa6 {[%emt 0:00:09]} 29. Rdxf5 {[%emt 0:00:02]} Ra1 {[%emt 0:
00:05]} 30. Rxa1 {[%emt 0:01:06]} Qxa1+ {[%emt 0:00:01]} 31. Kh2 {[%emt 0:00:
01]} Be5+ {[%emt 0:00:13]} 32. g3 {[%emt 0:00:01]} Qb2+ {[%emt 0:00:16]} 33.
Qg2 {[%emt 0:00:03]} Qxg2+ {[%emt 0:00:22]} 34. Kxg2 {[%emt 0:00:01]} f6 {
[%emt 0:00:01]} 35. g4 {[%emt 0:00:09]} Ng6 {[%emt 0:00:05]} 36. Kf1 {[%emt 0:
00:39]} a5 {[%emt 0:00:27]} 37. Rf3 {[%emt 0:00:28]} Kg7 {[%emt 0:00:23]} 38.
Ra3 {[%emt 0:00:10]} Bc7 {[%emt 0:00:05]} 39. Rc3 {[%emt 0:00:01]} Bd6 {
[%emt 0:00:16]} 40. Rc6 {[%emt 0:00:13]} Bb4 {[%emt 0:00:09]} 41. Ra6 {[%emt 0:
00:01]} Ne5 {[%emt 0:00:13]} 42. Ke2 {[%emt 0:00:08]} Kg6 {[%emt 0:00:08]} 43.
Ke3 {[%emt 0:00:15]} Kg5 {[%emt 0:00:07]} 44. Ke4 {[%emt 0:00:09]} Ng6 {
[%emt 0:00:15]} 45. Ra7 {[%emt 0:00:15]} Ne7 {[%emt 0:00:56]} 46. Ra6 {[%emt 0:
00:25]} h6 {[%emt 0:01:06]} 47. Rb6 {[%emt 0:00:41]} Bc3 {[%emt 0:00:24]} 48.
Rb5+ {[%emt 0:00:13]} Be5 {[%emt 0:01:25]} 49. Rxa5 {[%emt 0:00:05]} Kh4 {
[%emt 0:00:01]} 50. Ra3 {[%emt 0:00:39]} Ng6 {[%emt 0:00:10]} 51. Rf3 {[%emt 0:
00:23]} Ne7 {[%emt 0:00:59]} 52. Rb3 {[%emt 0:00:46]} Nc6 {[%emt 0:00:11]} 53.
Rd3 {[%emt 0:00:26]} Nd4 {[%emt 0:00:09]} 54. Ra3 {[%emt 0:00:16]} Ne2 {
[%emt 0:00:02]} 55. Kf5 {[%emt 0:00:07]} Ng3+ {[%emt 0:00:06]} 56. Kg6 {
[%emt 0:00:01]} Kxh3 {[%emt 0:00:08]} 57. Ra4 {[%emt 0:00:18]} Ne2 {[%emt 0:00:
36]} 58. Kxh6 {[%emt 0:00:01]} Bf4+ {[%emt 0:00:12]} 59. Kg6 {[%emt 0:00:29]}
Bg5 {[%emt 0:00:01]} 60. Ra6 {[%emt 0:00:09]} Nf4+ {[%emt 0:00:28]} 61. Kf5 {
[%emt 0:00:04]} Nd5 {[%emt 0:00:01]} 62. Ra3+ {[%emt 0:00:16]} Kh4 {[%emt 0:00:
01]} 63. Rf3 {[%emt 0:00:24]} Ne7+ {[%emt 0:00:29]} 64. Ke6 {[%emt 0:00:02]}
Ng8 {[%emt 0:00:01]} 65. Kf7 {[%emt 0:00:34]} Nh6+ {[%emt 0:00:01]} 66. Kg6 {
[%emt 0:00:01]} Nxg4 {[%emt 0:00:01]} 67. Rb3 {[%emt 0:00:08]} Ne5+ {[%emt 0:
00:27]} 68. Kf5 {[%emt 0:00:02]} Nc6 {[%emt 0:00:01]} 69. Rb6 {[%emt 0:00:20]}
Ne7+ {[%emt 0:00:35]} 70. Ke6 {[%emt 0:00:01]} f5 {[%emt 0:00:18]} 71. Rb4+ {
[%emt 0:00:07]} Kh5 {[%emt 0:00:03]} 72. Ra4 {[%emt 0:00:25]} Kg6 {[%emt 0:00:
02]} 73. Rc4 {[%emt 0:00:08]} Bf6 {[%emt 0:00:05]} 74. Rf4 {[%emt 0:00:05]} Nc6
{[%emt 0:00:18]} 75. Rf1 {[%emt 0:00:16]} Nd4+ {[%emt 0:00:01]} 76. Kd5 {
[%emt 0:00:01]} Nc2 {[%emt 0:00:35]} 77. Ke6 {[%emt 0:00:12]} Bg5 {[%emt 0:00:
10]} 78. Rf2 {[%emt 0:00:10]} Nd4+ {[%emt 0:00:17]} 79. Ke5 {[%emt 0:00:03]}
Be3 {[%emt 0:00:01]} 80. Rg2+ {[%emt 0:00:04]} Kh5 {[%emt 0:00:02]} 81. Rg3 {
[%emt 0:00:23]} f4 {[%emt 0:00:03]} 82. Rg8 {[%emt 0:00:05]} f3 {[%emt 0:00:11]
} 83. Ke4 {[%emt 0:00:04]} f2 {[%emt 0:00:12]} 84. Rf8 {[%emt 0:00:03]} Nc2 {
[%emt 0:00:07]} 85. Kd3 {[%emt 0:00:02]} Bc5 {[%emt 0:00:11]} 86. Kxc2 {
[%emt 0:00:05]} Bxf8 {[%emt 0:00:01]} 0-1